000 01224nam a2200241 i 4500
001 164402
003 ES-MaACL
005 20251122063134.0
008 951113s1868 sp b |||| | spa d
100 1 _aSalas, Francisco Javier de,
_d1832-1890
_9151213
245 1 0 _aDiscursos leídos ante la Real Academia de la Historia en la pública recepción de Don Francisco Javier de Salas [el día 1 de marzo de 1868]
_b: [Tema: expediciones marítimas de Pedro I de Castilla y de Pedro III de Aragón].
260 _aMadrid :
_b[s.n.],
_c1868 (
_fImp. de T. Fortanet)
300 _a200 p., [1] h. de mapa pleg. ;
_c26 cm.
500 _aApéndices: p. 65-127; p. 179-200.
505 8 _aContiene : Contestación por... Aureliano Fernández-Guerra y Orbe
594 _aFecha de área de tít. tomada de la cub.
599 _aLa h. de mapa: "M. Ferreiro lo construyó y grabó, A. Olarte grabó la letra"
651 4 _aCastilla (Reino)-
_xHistoria naval.
_9150770
651 4 _aAragón (Reino)-
_xHistoria naval.
_9151214
700 1 _aFernández-Guerra y Orbe, Aureliano.
_949837
852 _aES-MaACL
_jFM-III-G (4)
_z-- Enc. hol., falto de la enc. original
_q-- Enc. en un vol. facticio
999 _c164402
_d164402